| 000 | 00522cam a2200205ua 4500 | ||
|---|---|---|---|
| 020 | _cRs 115.00 | ||
| 041 |
_aeng _h |
||
| 082 |
_a828.09 _bJAM/SE |
||
| 100 | _aJames, Henry . | ||
| 245 |
_aSelected literary criticism / _cHenry James. _hTextual Documents |
||
| 250 |
_a1 / _b. |
||
| 260 |
_aLondon : _bHeinemann Educational Books Ltd. , _c1964. |
||
| 300 | _a349 ; . | ||
| 365 | _aRs 115.00 | ||
| 504 | _a | ||
| 700 | 1 | _aBeal, Anthony . | |
| 942 | _cBK | ||
| 999 |
_c3519 _d3519 |
||